000
00243nam a2200097Ia 4500
001
984882
005
20250826221033.0
008
250824s9999 xx 000 0 und d
245
0
_a
KENDİNİ BULMAK
_c
İHSAN FAZLIOĞLU
260
_b
KETEBE YAYINLARI
999
_c
984882
_d
984882